000 01289namaa22003131i 4500
003 EG-GICUC
005 20250317141552.0
008 250317s2004 ua ||||jr|||| 000 0 ara d
017 _a2004 /2532
_bدار الكتب والوثائق القومية(مصر)
020 _a9776122086
040 _aEG-GiCUC
_bara
_cEG-GiCUC
_dEG-GiCUC
_erda
082 0 4 _221
_a303.48
_b‪H639
092 0 4 _221
_a303.48
_b‪H639
099 _a303.48 ‪H639
100 1 _aحجازى، احمد مجدى
_eمؤلف.
245 1 2 _aالعولمة بين التفكيك وإعادة التركيب :
_bدراسات فى تحديات النظام العالمى الجديد /
_cتأليف أ.د أحمد مجدى حجازى
264 _aالقاهرة :
_bالدار المصرية السعودية،
_c2004
300 _a؛ 188 صفحة
_c24 سم
336 _2rdacontent
_atext
337 _2rdamedia
_aUnmediated
338 _2rdacarrier
_avolume
504 _aيشتمل على ارجاعات ببليوجرافية
541 _aد. جابر عصفور ؛
_bالقاهرة ؛
_cإهداء ؛
_d2024.
650 1 7 _aالعولمة
_xجوانب سياسية
_2qrmak
650 1 7 _aالعولمة
_xجوانب اجتماعية
_2qrmak
651 1 _2qrmak
905 _aHuda
942 _2ddc
_cBK
_e21
_n0
999 _c171196
_d171196